000 01112 a2200217 4500
003 Nust
005 20230104114937.0
010 _a 96000233
020 _a1558284176
040 _cNust
082 0 0 _a650.028546,KRE
100 1 _aKreisle, Bill.
_9106749
245 1 0 _aTeach yourself--Lotus Notes 4 /
_cBill Kreisle.
250 _a1st ed.
260 _aNew York :
_bMIS Press,
_c1996.
300 _axx, 443 p. :
_bill. ;
_c24 cm. +
_e1 computer disk (3 1/2 in.)
505 _aWhat is lotus notes (Page-7), How are businesses using notes (Page-23), Using notes to locate databases (Page-37), Using the database window to locate and track documents in a notes database (Page-59), Adding information to notes databases (Page-103), More ways to add information to notes databases (Page-133), Using plain and full-text searching to locate information (Page-179), Replication (Page-207), Lotus notes mail (Page-251), Mobile notes (Page-291), Working faster and smarter (Page-323).
650 0 _aBusiness
_xComputer programs.
_919731
650 0 _aDatabase management
_xComputer programs.
_998222
942 _2ddc
_cBK
999 _c185852
_d185852